Políticas industriales en el Magreb / (Record no. 181057)

MARC details
000 -LEADER
campo de control de longitud fija 01048nam a2200265 i 4500
001 - NÚMERO DE CONTROL
campo de control 181057
003 - IDENTIFICADOR DE NÚMERO DE CONTROL
campo de control ES-MaACL
005 - FECHA Y HORA DE LA ÚLTIMA TRANSACCIÓN
campo de control 20231007174732.0
008 - DATOS DE LONGITUD FIJA--INFORMACIÓN GENERAL
campo de control de longitud fija 121015s2011 sp a | |||||||| | spa d
020 ## - NÚMERO INTERNACIONAL ESTÁNDAR DEL LIBRO
Número Internacional Estándar del Libro 978-84-615-0912-6
080 ## - NÚMERO DE LA CLASIFICACIÓN DECIMAL UNIVERSAL
Número de la Clasificación Decimal Universal 338.45.02(61)
245 00 - MENCIÓN DEL TÍTULO
Título Políticas industriales en el Magreb /
Mención de responsabilidad, etc. Olivia Orozco (ed.) ; Rafik Bouklia-Hassane, Larabi Jaidi, Azzam Mahjoub, Fatiha Talahite ; [traducciones, Cristina Ridruejo].
250 ## - MENCION DE EDICION
Mención de edición 1ª ed.
260 ## - PUBLICACIÓN, DISTRIBUCIÓN, ETC.
Lugar de publicación, distribución, etc. Madrid :
Nombre del editor, distribuidor, etc. Casa Árabe e Instituto Internacional de Estudios Árabes y del Mundo Musulmán,
Fecha de publicación, distribución, etc. 2011.
300 ## - DESCRIPCIÓN FÍSICA
Extensión 215 p. :
Otras características físicas gráf. ;
Dimensiones 25 cm.
490 1# - MENCIÓN DE SERIE
Mención de serie Biblioteca de Casa Árabe
504 ## - NOTA DE BIBLIOGRAFÍA, ETC.
Nota de bibliografía, etc. Incluye referencias bibliográficas.
651 #4 - PUNTO DE ACCESO ADICIONAL DE MATERIA--NOMBRE GEOGRÁFICO
Nombre geográfico Magreb-
Subdivisión general Política industrial.
9 (RLIN) 151596
700 1# - ENTRADA AGREGADA--NOMBRE PERSONAL
Nombre de persona Orozco de la Torre, Olivia.
9 (RLIN) 151597
700 1# - ENTRADA AGREGADA--NOMBRE PERSONAL
Nombre de persona Bouklia-Hassane, Rafik.
9 (RLIN) 151598
830 0# - PUNTO DE ACCESO ADICIONAL DE SERIE-TÍTULO UNIFORME
Título uniforme Biblioteca de Casa Árabe
9 (RLIN) 191400
852 ## - LOCALIZACIÓN
Ubicación ES-MaACL
Número de control de estantería A-12271
itemnumber 187940
Sublocalización o colección R.148280
Ubicación en estantería Depósito 1
Signatura antigua Olim: N-5276
942 ## - ELEMENTOS DE ENTRADA SECUNDARIOS (KOHA)
Fuente del sistema de clasificación o colocación Clasificación decimal universal
Tipo de ítem Koha Libro impreso
Holdings
Estatus retirado Estado de pérdida Fuente del sistema de clasificación o colocación Estado de daño No para préstamo Biblioteca de origen Biblioteca actual Ubicación en estantería Fecha de adquisición Fuente de adquisición Total de préstamos Signatura topográfica completa Código de barras Visto por última vez Precio de reemplazo Tipo de ítem Koha
    Clasificación decimal universal     Biblioteca del Ateneo de Madrid Biblioteca del Ateneo de Madrid Sala Pecera Planta 1 15/10/2012 Donación   A-12271 1190268 23/02/2023 23/02/2023 Libro impreso